MDQL
is popping MORE tags! Check the
thread
!
Quizzes
Events
Quiz Creation
Community
Videos
Private Events
Remove Ads
Sign In
Join for FREE
Feedback
Dark Mode
Quiz Categories
Sports
Geography
Music
Movies
Television
Just For Fun
Miscellaneous
History
Literature
Language
Science
Gaming
Entertainment
Religion
Holiday
For Kids
Quiz Lab
Recent
Popular Today
Quiz Kudos Today
Editor Picks
Curator Picks
Quizzes by...
Day
Popularity
Type
Ratings
Length
Year
Community
Subscriptions
Recent Discussions
Orange Saloon
Badges
Playlists
Quests
Create
Leaderboards
Showdown
Live 5
Trivia Bingo
Activity
Puzzle Library
Sporcle Events
Private Events
Virtual Trivia
Globe League
Become a Host
Pub Owners
SporcleCon
Opinionation
Our Games
Videos
Blog
Mobile Apps
Partnerships
Remove Ads and Go Orange
Feedback
Gaming
Video Games
Board Games
Card Games
Pokémon
Mario
Nintendo
Minecraft
Console
Toys
Legend of Zelda
Gaming
Video Games
Board Games
Card Games
Pokémon
Mario
Nintendo
Minecraft
Console
Toys
Legend of Zelda
Random Quiz
Search Sporcle
×
Editor Pick
Editor Pick
Gaming
Animal
Click on regions of an image
Click on regions of an image
Picture Click
Best Score? Go Orange.
Sonic Animals Picture Click Stats
Can you pick the correct animal for each Sonic the Hedgehog character?
By
chaosBEE
5m
16 Questions
5,796 Plays
5,796 Plays
5,796 Plays
Comments
Comments
Give Quiz Kudos
Give Quiz Kudos
-
- Ratings
hide this ad
Forced Order
Answers have to be entered in order
Answers have to be entered in order
Replay
Link that replays current quiz
Next Quiz
Link to next quiz in quiz playlist
You Got
0%
They Got
Avg Score
57%
Avg Friend Score
Upgrade to see
Score Distribution
Jump to the score distribution portion of the page
Score
0/16
Timer
05:00
0
Plays Today
% Correct
Tails the Fox
78.6%
Knuckles the Echidna
70.4%
Rouge the Bat
69.1%
Vector the Crocodile
67.8%
Jet the Hawk
61.9%
Cream the Rabbit
61.7%
Shadow the Hedgehog
59.7%
Blaze the Cat
57.1%
% Correct
Espio the Chameleon
56.8%
Mighty the Armadillo
54.6%
Nack the Weasel
50.8%
Sticks the Badger
50.7%
Storm the Albatross
49.3%
Bark the Polar Bear
47.7%
Wave the Swallow
44.2%
Marine the Raccoon
42.2%
Quiz Playlist
Details
Report
Send in Message
Add To Playlist
Picture Click:
Click on regions of an image
Forced Order:
Answers have to be entered in order
Last Updated: Sep 12, 2017
Editor Pick in
Gaming
Curator Pick in
Console
Quiz Scoreboard
CHALLENGE
Sign Up to Join the Scoreboard
Show All
Scores
Hide
Comments
May contain spoilers
Recently Published
1-10 Letter E Words III
by El_Dandy
Language
2m
Street Fighter Characters
by Artimus82
Gaming
60s
College Basketball Coaching Resumes
by pancakes188
Sports
9m
More to Explore
Quiz From the Vault
Featured Blog Post
Where Did the Easter Bunny Come From?
hide this ad
You Might Also Like...
Tags
Animal Quiz
Console Quiz
Famous Quiz
Video Games Quiz
Image Quiz
Japan
Picture Click
sega
Sega Games
sonic
Sonic the Hedgehog
Today's Top Quizzes in Gaming
Browse Gaming
hide this ad
Today's Top Quizzes in Animal
Browse Animal
Top Contributed Quizzes in Gaming
1
5-to-1: Consoles
2
7-to-1: Board Game Piece Blitz
3
5-to-1: Legend of Zelda
4
League of Legends Pro Players by Career/Team History
5
Destiny 2 exotic weapons by perk icons
6
Ultimate Genshin Impact Logic Puzzle (up to 4.3)
7
Quick Pick: Video Games Lost in Translation
8
Franchise by Action Figure
9
Who's on the WWE 2K24 Cover?
10
Genshin Impact Logic Puzzle Quiz
Explore More
Trending Topics
Crossword
Anime
Marvel
NBA
Kpop
Harry Potter
Disney
Puzzle
Soccer
The Office
Song
Pokémon
Country
WWE
NFL
hide this ad
More By:
chaosBEE
Quiz
Plays
Rating
Category
Featured
Created
Food Bunker
419,916
4.05
Miscellaneous
Apr 9, 2016
Soccer Players Venn Diagram
320,261
4.47
Sports
Jun 13, 2016
US Presidents Venn Diagram
221,819
4.75
History
Jul 7, 2016
Mixed Soccer Logos
214,869
4.42
Sports
May 6, 2016
Animal Bunker
211,324
4.21
Science
Apr 7, 2016
Go to Creator's Profile
Score Distribution
Quiz Creator Spotlight
chaosBEE
Follow
Send a Message
Quizzes Created
-
Created Quiz Play Count
-
More By This Creator
Popular Quizzes Today
1
Find the US States - No Outlines Minefield
2
Find the Countries of Europe - No Outlines Minefield
3
The Countries of the World
4
Find the US States
5
Risky Map Clicking: Biggest States A-Z
6
US States
7
Popular People in 1961
8
Movies - When Are They Set?
More Gaming Quizzes
Pokémon Gym Leader Rosters (Gen I)
Curator's Pick
Trending Quizzes
Risky Map Clicking: Least Populous States A-Z
USA Borders Longest to Shortest
1-10 Letter G Words
1-10 Letter F Words
Countries of the World: 200 Million BC
Recently Updated
Leaping Animals
pecheneg
Reality TV Shows (A-Z)
bhenderson79
Rickey Henderson's Hall of Fame Teammates
pecheneg
Champions League XIs: Arsenal
pecheneg
Quick Pick: Celebrities in WWE's Hall of Fame
aduchscher
A-Z Keypad Blitz II
pecheneg
Multiple Oscar Actors
pecheneg
Mystery Phrase Blitz: Oscar 'Best Actors'
pecheneg
F. Scott Fitzgerald Novels
LTH
Pick 3 Villains
ddd62291
Trending Topics
NBA
Crossword
Disney
Marvel
Kpop
Anime
Harry Potter
WWE
NFL
The Office
Puzzle
Song
Pokémon
Country
Soccer
Your Account Isn't Verified!
In order to create a playlist on Sporcle, you need to verify the email address you used during registration. Go to your
Sporcle Settings
to finish the process.
Report this User
Report this user for behavior that violates our
Community Guidelines
.
Details:
Send Report
Go to the Sporcle.com Mobile Site →
Comments